| Tag |
First Indicator |
Second Indicator |
Subfields |
| LEADER |
00000cam a2200000 4500 |
| 001 |
in00000489331 |
| 005 |
20160115084438.0 |
| 008 |
690408c19691926nyu 00010aeng |
| 010 |
|
|
|a 69018791
|
| 035 |
|
|
|a (OCoLC)00006196
|
| 035 |
|
|
|9 ACB7909AM
|
| 040 |
|
|
|a DLC
|c DLC
|d TXA
|d UtOrBLW
|
| 049 |
|
|
|a TXAM
|c 1 [530129], 2 [1139295]
|
| 050 |
0 |
0 |
|a E184.J5
|b S78 1969
|
| 082 |
0 |
|
|a 917.3/03/910924
|a B
|
| 100 |
1 |
|
|a Morton, Leah,
|d 1889-1954.
|
| 245 |
1 |
0 |
|a I am a woman and a Jew /
|c [by] Elisabeth G. Stern.
|
| 264 |
|
1 |
|a New York :
|b Arno Press,
|c 1969
|
| 264 |
|
4 |
|c [©1926]
|
| 300 |
|
|
|a 362 pages ;
|c 22 cm.
|
| 336 |
|
|
|a text
|b txt
|2 rdacontent
|
| 337 |
|
|
|a unmediated
|b n
|2 rdamedia
|
| 338 |
|
|
|a volume
|b nc
|2 rdacarrier
|
| 490 |
1 |
|
|a The American immigration collection
|
| 600 |
1 |
0 |
|a Morton, Leah,
|d 1889-1954.
|
| 830 |
|
0 |
|a American immigration collection.
|
| 999 |
|
|
|a MARS
|
| 999 |
f |
f |
|s ef81660c-6b0a-3814-801d-abbec1044d9a
|i 339be0ab-0c09-36b8-a534-60956de16278
|t 0
|
| 952 |
f |
f |
|p ric
|a Texas A&M University
|b Rellis Campus
|c Joint Library Facility
|d Remote Storage
|t 0
|e E184.J5 S78 1969
|h Library of Congress classification
|i unmediated -- volume
|m A14802180918
|
| 998 |
f |
f |
|a E184.J5 S78 1969
|t 0
|l Remote Storage
|